LEADER 00954nam0-2200325---450- 001 990009108780403321 005 20091026110544.0 010 $a978-88-568-0403-4 035 $a000910878 035 $aFED01000910878 035 $a(Aleph)000910878FED01 035 $a000910878 100 $a20091026d2009----km-y0itay50------ba 101 0 $aita 102 $aIT 105 $aa-------001yy 200 1 $aStrategia del valore nella Pubblica Amministrazione$fFernando Marchitto 210 $aMilano$cFrancoAngeli$dc2009 215 $a348 p.$cill.$d24 cm 225 1 $aEconomia & management 610 0 $aMarketing Pubblica Amministrazione 676 $a354.5$v14 rid.$zita 700 1$aMarchitto,$bFernando$0147195 801 0$aIT$bUNINA$gRICA$2UNIMARC 901 $aBK 912 $a990009108780403321 952 $aAZMK32A$b18902$fDECBC 959 $aDECBC 996 $aStrategia del valore nella Pubblica amministrazione$9233729 997 $aUNINA LEADER 01240nam 2200409 450 001 9910468016303321 010 $a1-78714-950-1 010 $a1-78714-499-2 035 $a(CKB)4340000000193357 035 $a(MiAaPQ)EBC4931919 035 $a(EXLCZ)994340000000193357 100 $a20171110h20172017 uy 0 101 0 $aeng 135 $aurcnu|||||||| 181 $2rdacontent 182 $2rdamedia 183 $2rdacarrier 200 00$aGreen economy in the Western Balkans $etowards a sustainable future /$fedited by Sanda Renko, Almir Pestek 210 1$aLondon, [England] :$cEmerald Publishing,$d2017. 210 4$dİ2017 215 $a1 online resource (457 pages) 311 $a1-78714-500-X 320 $aIncludes bibliographical references and index. 606 $aEnvironmental economics$zBalkan Peninsula 607 $aBalkan Peninsula$xEconomic conditions 608 $aElectronic books. 615 0$aEnvironmental economics 676 $a330.9496 702 $aRenko$b Sanda 702 $aPestek$b Almir 801 0$bMiAaPQ 801 1$bMiAaPQ 801 2$bMiAaPQ 906 $aBOOK 912 $a9910468016303321 996 $aGreen economy in the Western Balkans$92071856 997 $aUNINA